| 000 | 00467nam a2200181Ia 4500 | ||
|---|---|---|---|
| 008 | 230711s9999||||xx |||||||||||||| ||und|| | ||
| 020 | _a978-81-315-1171-8 | ||
| 041 | _aENG | ||
| 082 |
_a621.39814 _bSR-D |
||
| 100 | _aSrivastava,Manjita | ||
| 245 | 0 | _aDigital design HDL- based approach | |
| 250 | _a1st Ed. | ||
| 260 |
_c2011 _aNew Delhi _bCengage Learning |
||
| 300 | _a504 | ||
| 650 | _aElectronics Engineering | ||
| 700 | _aSrivastava,Mahesh C | ||
| 942 | _cBK | ||
| 999 |
_c5141 _d5141 |
||